00214nam a2200097 a 4500008004100000050001600041100001800057245002100075260001100096350000900107120416s1950 xx |||||||||||||| || u aNA 9185 Sha aSharp, Thomas10aEnglish panorama c[1950] a0.00